000 00528nam a2200157Ia 4500
008 140609s9999 xx 000 0 und d
020 _a9789711012007
050 _aDS 686.4
_b.L42 2009
100 _aLindholm, Paul R.
245 _aShadows from the rising sun :
_ban american family's saga during the japanese occupation of the philippines /
_cPaul R. Lindholm
260 _aQuezon, Philippines :
_bNew Day Publishers,
_cc2009.
300 _a188 p. :
_bill. ;
_c23 cm.
521 _aGE
942 _kLOC
_cBK
999 _c118246
_d118246